| 000 | 00478nam a2200169 i 4500 | ||
|---|---|---|---|
| 001 | 140769 | ||
| 003 | ES-MaACL | ||
| 005 | 20240516063049.0 | ||
| 007 | t| | ||
| 008 | 070917q19001930xxk ||||1| eng d | ||
| 100 | 0 |
_aWells, H. G., _d1866-1946 _9116458 |
|
| 245 | 1 | 2 |
_aA modern utopia / _cby H. G. Wells. |
| 260 |
_aLondon : _bThomas Nelson & Sons, _c[19-?] |
||
| 300 |
_a378 p. : _b1 retr. ; _c17 cm. |
||
| 852 |
_aES-MaACL _jG-2086 |
||
| 999 |
_c140769 _d140769 |
||